Szczegóły MARC21

Program lekcji wychowawczych dla uczniów wyższych klas szkół podstawowych oraz uczniów liceów i techników /

003 -Nazwa inst., której nr kontr. jest w polu 001 [,]
    • @
    • Nazwa instytucji, której n kontrolny jest w polu 001
    • NUKAT
005 -DATA I CZAS OSTATNIEJ MODYFIKACJI [,]
    • @
    • pole kontrolne
    • 20241231103917.0
020 -Międzynarod. znormalizowany nr książki - ISBN [ , ]
    • a
    • Numer ISBN
    • 8385584137 Find
040 -Instytucja sporządzająca opis [ , ]
    • a
    • Instytucja, która sporządziła opis (NP)
    • KR 119/jz
    • c
    • Instytucja, która sporządziła rekord (NP)
    • KR 119/jz
    • d
    • Instytucja, która zmodyfikowała rekord (P)
    • KR 119/ara
    • d
    • Instytucja, która zmodyfikowała rekord (P)
    • KR 119/SKs
    • d
    • Instytucja, która zmodyfikowała rekord (P)
    • Ł U/AG
    • d
    • Instytucja, która zmodyfikowała rekord (P)
    • KAT U/MBs
942 -Rodzaj dokumentu [ , ]
    • c
    • Rodzaj dokumentu
    • Książka
100 -Hasło główne - nazwa osobowa [1, ]
    • a
    • Nazwa osobowa (NP)
    • Hamer, Hanna.
    • 9
    • KHW
    • 58040
245 -Strefa tytułu i oznaczenia odpowiedzialności [1,0]
    • a
    • Tytuł
    • Program lekcji wychowawczych dla uczniów wyższych klas szkół podstawowych oraz uczniów liceów i techników / Find
    • c
    • Pozostałe elementy strefy tytułu i oznaczenia odpowiedzialności (NP)
    • Hanna Hamer.
260 -Strefa adresu wydawniczego [ , ]
    • a
    • Miejsce wydania (P)
    • Warszawa :
    • b
    • Nazwa wydawcy (P)
    • Wydaw. Veda,
    • c
    • Data wydania (P)
    • 1993.
300 -Strefa opisu fizycznego [ , ]
    • a
    • Określenie formy książki i/lub objętość (NP)
    • 144 s. :
    • b
    • Oznaczenie ilustracji (NP)
    • rys. ;
    • c
    • Format (NP)
    • 20 cm.
336 -Typ zawartości [ , ]
    • a
    • Termin opisujący typ zawartości
    • Tekst
    • b
    • Kod określający zawartość
    • txt
    • 2
    • Źródło (terminu i kodu)
    • rdacontent
337 -Typ mediów [ , ]
    • a
    • Tryb odtwarzania
    • Bez urządzenia pośredniczącego
    • b
    • Kod typu mediów
    • n
    • 2
    • Źródło (terminu i kodu)
    • rdamedia
338 -Typ/rodzaj nośnika [ , ]
    • a
    • Hasło opisujące typ nośnika
    • Wolumin
    • b
    • Kod typu nośnika
    • nc
    • 2
    • Źródło (terminu i kodu)
    • rdacarrier
490 -Strefa serii i książki wielotomowej - forma nie do wyszukiwania [1, ]
    • a
    • Tytuł (P)
    • Biblioteczka Wychowawcy ; Find
    • v
    • Numeracja (P)
    • nr 4
830 -Hasło dodatkowe serii i opisu książki wielotomowej - tytuł ujednolicony/tytuł [ ,0]
    • a
    • Tytuł ujednolicony/tytuł (NP)
    • Biblioteczka Wychowawcy
    • x
    • ISSN
    • 1230-6924
    • v
    • Oznaczenie tomu (NP)
    • nr 4
    • 9
    • KHW
    • 58239
586 -Uwaga dot. nagrody [8, ]
    • a
    • Uwaga dot. nagrody
    • Praca wyróżniona w konkursie Ministerstwa Edukacji Narodowej
080 -Uniwersalna Klasyfikacja Dziesiętna [ , ]
    • a
    • Symbol klasyfikacji
    • 373.5
    • 2
    • Identyfikator wydania tablic
    • UDC-P058
    • 9
    • UKD
    • 3899
    • b
    • Dopowiedzenie
    • Szkolnictwo średnie.
    • 4
    • UKD2
    • 54969
    • x
    • Poddział wspólny
    • (073)
    • c
    • Dopowiedzenie poddz. wspólnego
    • (Programy nauczania).
080 -Uniwersalna Klasyfikacja Dziesiętna [ , ]
    • a
    • Symbol klasyfikacji
    • 37.064.2
    • 2
    • Identyfikator wydania tablic
    • UDC-P058
    • 9
    • UKD
    • 3859
    • b
    • Dopowiedzenie
    • Nauczyciele a uczniowie. Wychowanie w szkole. Godzina wychowawcza. Lekcja wychowawcza.
    • 4
    • UKD2
    • 54969
    • x
    • Poddział wspólny
    • (073)
    • c
    • Dopowiedzenie poddz. wspólnego
    • (Programy nauczania).
650 -Hasło przedmiotowe [ ,7]
    • a
    • Hasło przedmiotowe
    • Trening interpersonalny.
    • 2
    • Źródło terminu
    • kaba
    • 9
    • KHW
    • 131282
650 -Hasło przedmiotowe [ ,7]
    • a
    • Hasło przedmiotowe
    • Komunikacja interpersonalna u nastolatków.
    • 2
    • Źródło terminu
    • kaba
    • 9
    • KHW
    • 114879
650 -Hasło przedmiotowe [ ,7]
    • a
    • Hasło przedmiotowe
    • Wychowawcy
    • v
    • Określnik formalny
    • poradniki.
    • 2
    • Źródło terminu
    • kaba
    • 9
    • KHW
    • 382453
650 -Hasło przedmiotowe [ ,7]
    • a
    • Hasło przedmiotowe
    • Wychowawcy
    • z
    • Określnik geograficzny
    • Polska.
    • 2
    • Źródło terminu
    • kaba
    • 9
    • KHW
    • 375017
650 -Hasło przedmiotowe [ ,7]
    • a
    • Hasło przedmiotowe
    • Socjalizacja.
    • 2
    • Źródło terminu
    • kaba
    • 9
    • KHW
    • 130397
650 -Hasło przedmiotowe [ ,7]
    • a
    • Hasło przedmiotowe
    • Godzina wychowawcza
    • x
    • Określnik rzeczowy
    • studia i nauczanie.
    • 2
    • Źródło terminu
    • kaba
    • 9
    • KHW
    • 168274
980 -Symbol UKD [ , ]
    • a
    • UKD
    • 37.064.2:373.5](073)
710 -Hasło dodatkowe - nazwa ciała zbiorowego [2, ]
    • a
    • Nazwa ciała zbiorowego lub nazwa geograficzna jako pierwszy element (NP)
    • Veda Agencja Wydawnicza.
    • 4
    • Kod relacji
    • pbl
    • 9
    • KHW
    • 79671
920 -ISBN [ , ]
    • a
    • ISBN
    • 83-85584-13-7 Find
Lokalizacja Data inwentaryzacji Status udost. Numer inwentarzowy
BG1995-01-191Pd.7045